000 01702nam a2200229Ia 4500
003 OSt
005 20210831094605.0
008 210310s1972 pn fr 000 0 spa d
040 _aCO-JMCR
_cCO-JMCR
041 0 _aspa
082 0 4 _a340.11 /
_bD569c
_223
100 1 _aDíferman, Bonifacio,
_917286
_eautor
245 1 0 _aCurso de introducción al estudio del Derecho y sistemas jurídicos /
_cBonifacio Dífernan
260 _aPanamá :
_bUniversidad Santa María La Antigua,
_c1972
300 _a519 páginas ;
_c23 cm.
500 _aIncluye notas a pie de página.
504 _aBibliografía: páginas 1-7
505 0 _aHistoria del estudio introductorio al Derecho -- La persona -- La persona con su capacidad autoproyectiva -- El hombre normativo -- Origen y clasificación de las normas -- Normas jurídicas .. Conocimiento e interpretación de las norma jurídicas -- Norma jurídica y Derecho -- Principios y fuentes de Derecho -- Clasificación metodológica y doctrinal del Derecho -- Derecho natural u óntico -- Derecho positivo o circunstancial -- Derecho de gentes (ius gentium) -- Clasificación del Derecho positivo -- Evolución del Derecho positivo Derecho subjetivo: denominación y definición -- Sujeto de Derecho. Personalidad jurídica. Titular de Derecho -- Causación jurídica -- Temporalidad y ámbito de aplicación del Derecho positivo-- Concepto de justicia -- La justicia subjetiva -- La alteridad, cualidad "per se" del Derecho y de la justicia subjetiva -- Relaciones entre el Derecho y la justicia -- El derecho y la justicia positivos, clasificados por sistemas
650 1 4 _aJurisprudencia
_917288
_zPanamá
650 2 4 _aLey
_zPanamá
_939807
942 _2ddc
_cBK
999 _c8443
_d8443